| 000 | 01085nam a22003137a 4500 | ||
|---|---|---|---|
| 005 | 20111109164049.0 | ||
| 008 | 111109t xxu||||| |||| 00| 0 eng d | ||
| 010 | _aENG-104082 | ||
| 020 |
_a9780198078302 _c250.00 |
||
| 020 |
_a0198078307 _c250.00 |
||
| 035 | _aEN-87615 | ||
| 037 | _bDBAD/PUB | ||
| 040 |
_aDPL _bEng |
||
| 082 | _aN | ||
| 100 |
_935772 _aBama _d1958- |
||
| 245 |
_aKarukku _cby Bama ; translated from the Tamil original by Lakshmi HolmstroĢm; edited by Mini Krishnan |
||
| 250 | _a2nd ed | ||
| 260 |
_aNew Delhi _bOxford University Press _c2012 |
||
| 270 |
_aYMCA Library Building, 1, Jai Singh Road _bNew Delhi _e110001 |
||
| 300 |
_axxiv,142p. _c22cm (Hb) |
||
| 520 | _aShort stories, poems, and articles on terrorism in South Asia. | ||
| 600 | _935777 | ||
| 650 | _935779 | ||
| 651 |
_935773 _aIndia _xFiction. |
||
| 700 |
_935790 _aHolmstrom, Lakshmi. |
||
| 700 |
_aKrishnan, Mini. _935805 |
||
| 942 |
_2ddc _cEN _mBAM _hN |
||
| 999 |
_c58294 _d58294 |
||